Theory of Structures (Record no. 531641)
[ view plain ]
| 000 -LEADER | |
|---|---|
| fixed length control field | 00202nam a22000977a 4500 |
| 040 ## - CATALOGING SOURCE | |
| Transcribing agency | DLC |
| 082 ## - DEWEY DECIMAL CLASSIFICATION NUMBER | |
| Classification number | 624.17 |
| Author Mark | KHU |
| 100 ## - MAIN ENTRY--PERSONAL NAME | |
| Personal name | Khurmi, R.S. |
| 9 (RLIN) | 24542 |
| 245 ## - TITLE STATEMENT | |
| Title | Theory of Structures |
| 942 ## - ADDED ENTRY ELEMENTS (KOHA) | |
| Source of classification or shelving scheme | |
| Koha item type | Book |
| Withdrawn status | Lost status | Source of classification or shelving scheme | Damaged status | Not for loan | Permanent Location | Current Location | Date acquired | Total Checkouts | Full call number | Barcode | Checked out | Date last seen | Date last checked out | Price effective from | Koha item type |
|---|---|---|---|---|---|---|---|---|---|---|---|---|---|---|---|
| School of Civil and Environmental Engineering (SCEE) | School of Civil and Environmental Engineering (SCEE) | 10/22/2019 | 2 | 624.17 KHU | NIT-6600 | 08/28/2024 | 07/29/2024 | 07/29/2024 | 10/22/2019 | Book |
